Statistics for Russian Guns | Any Era

Click here to take the quiz!

General Stats

  • This quiz has been taken 261 times
  • The average score is 10 of 43

Answer Stats

Answer% Correct
AK-47
99%
AK-74
94%
AKM
75%
RPG-7
71%
AK-12
64%
AS Val
64%
PKM
53%
VSS Vintorez
44%
RPK-74
40%
AN-94
38%
AK-74M
35%
AK-15
26%
SV-98
25%
Makarov PM
22%
PKP Pecheneg
19%
SR-3M
18%
Kord
17%
MP-443 Grach
17%
RPK-74M
16%
RPG-29
15%
Dragunov SVD
14%
RPG-26
14%
NSV
11%
RPG-22
11%
RPG-27
11%
RPG-28
10%
AGS-30
9%
RPG-30
9%
OSV-96
8%
AGS-17
7%
GM-94
6%
A-545
5%
RG-6/6G30
5%
RPO-A Shmel
4%
MRO-A
3%
9K38 Igla
2%
9M111M Fagot-M
2%
9M113M Konkurs-M
2%
BS-1 Tishina
2%
9K115-2 Metis-M
1%
9K333 Verba MANPAD
1%
9M113 Kornet
1%
KSKV
1%

Score Distribution

Percentile by Number Answered

Percent of People with Each Score

Your Score History

You have not taken this quiz